00512nam a2200181Ia 450000500170000000800410001708200130005810000190007124500330009026000400012330000160016365000110017965000130019065000110020394200060021495200950022099900150031520240613065754.0240331s9999 xx 000 0 und d bSARa350 aSarvan,Charles 0aPublic writings on Sri Lanka aIndiabMiruthula publicationsc2009 ax, 262 p ., aSocial aPolitics aPublic cL 001040708LaWERCLbWERCLcSSCd2024-03-31l0o 350 SARp5015r2024-03-31w2024-03-31yL c3874d3874